Exceptional psychology : (Record no. 21363)
[ view plain ]
| 000 -LEADER | |
|---|---|
| fixed length control field | 00582nam a2200169 a 4500 |
| 005 - DATE AND TIME OF LATEST TRANSACTION | |
| control field | 20141105095339.0 |
| 008 - FIXED-LENGTH DATA ELEMENTS--GENERAL INFORMATION | |
| fixed length control field | 021029s19uu xx 00 eng d |
| 020 ## - INTERNATIONAL STANDARD BOOK NUMBER | |
| International Standard Book Number | 971-817-003-0 |
| 050 ## - LIBRARY OF CONGRESS CALL NUMBER | |
| Classification number | BF 723 |
| Item number | .Ev93 2003 |
| 100 ## - MAIN ENTRY--PERSONAL NAME | |
| Personal name | Evangelista, Lourdes L. |
| 245 ## - TITLE STATEMENT | |
| Title | Exceptional psychology : |
| Statement of responsibility, etc | Lourdes L. Evangelista. |
| Remainder of title | [with questions and answers] / |
| 260 ## - PUBLICATION, DISTRIBUTION, ETC. (IMPRINT) | |
| Place of publication, distribution, etc | Valenzuela City : |
| Name of publisher, distributor, etc | Booklore Pub. Corp, |
| Date of publication, distribution, etc | c2003. |
| 300 ## - PHYSICAL DESCRIPTION | |
| Extent | 150 p. ; cm. |
| 650 ## - SUBJECT ADDED ENTRY--TOPICAL TERM | |
| Topical term or geographic name as entry element | Exceptional children |
| General subdivision | Examinations, questions, etc. |
| 650 ## - SUBJECT ADDED ENTRY--TOPICAL TERM | |
| Topical term or geographic name as entry element | Psychology |
| General subdivision | Examinations, questions, etc. |
| 942 ## - ADDED ENTRY ELEMENTS (KOHA) | |
| Koha item type | Books |
| Source of classification or shelving scheme | Library of Congress Classification |
| Withdrawn status | Lost status | Source of classification or shelving scheme | Damaged status | Home library | Current library | Shelving location | Date acquired | Source of acquisition | Cost, normal purchase price | Total Checkouts | Full call number | Barcode | Date last seen | Price effective from | Koha item type |
|---|---|---|---|---|---|---|---|---|---|---|---|---|---|---|---|
| Library of Congress Classification | Archives | Archives | 09/29/2010 | Donation | 160.00 | BF 723 .Ev93 2003 | C8099 | 05/08/2018 | 10/10/2013 | Books |